000 00427nam a2200169 a 4500
001 1757513025372
003 ACL
005 20250910193609.0
008 250910s2004##################000#0#eng##
020 _a9780070590441
082 0 4 _a790.1
_bCAR
100 1 _aCaroselli,
_eauthor.
245 1 0 _aThe Big Book Of Meeting Games :
260 _bTata McGraw-Hill Education,
_c2004.
942 _cENGLISH
040 _aACL
_beng
_cACL
999 _c586459
_d586459